Effects of methylphenidate on the auditory processing abilities of children with attention deficit-hyperactivity disorder (Record no. 67191)
[ view plain ]
| 000 -CABECERA | |
|---|---|
| campo de control de longitud fija | 00725nam a2200229 a 4500 |
| 005 - FECHA Y HORA DE LA ÚLTIMA TRANSACCIÓN | |
| campo de control | 20210219153043.0 |
| 008 - ELEMENTOS DE LONGITUD FIJA--INFORMACIÓN GENERAL | |
| campo de control de longitud fija | 991125n 000 0 u |
| 035 ## - NÚMERO DE CONTROL DEL SISTEMA | |
| Número de control de sistema | UPN01000074869 |
| 100 1# - ASIENTO PRINCIPAL--NOMBRE PERSONAL | |
| Nombre de persona | Keith, Robert W |
| 222 #0 - TÍTULO CLAVE | |
| Título clave | JOURNAL OF LEARNING DISABILITIES |
| 245 #0 - MENCIÓN DE TÍTULO | |
| Título | Effects of methylphenidate on the auditory processing abilities of children with attention deficit-hyperactivity disorder |
| 300 ## - DESCRIPCIÓN FÍSICA | |
| Extensión | 630-636 |
| 362 0# - FECHAS DE PUBLICACIÓN Y/O DESIGNACIÓN SECUENCIAL | |
| Fecha de publicación y/o designación secuencial | 1991 Vol. 24, no. 10 |
| 653 0# - TERMINO DE INDIZACION - NO CONTROLADO | |
| Término no controlado | ESTIMULO AUDITIVO |
| 653 0# - TERMINO DE INDIZACION - NO CONTROLADO | |
| Término no controlado | HIPERACTIVIDAD |
| 653 0# - TERMINO DE INDIZACION - NO CONTROLADO | |
| Término no controlado | TERAPIA DE DROGAS |
| 653 0# - TERMINO DE INDIZACION - NO CONTROLADO | |
| Término no controlado | TRASTORNO POR DEFICIT DE ATENCION CON HIPERACTIVIDAD |
| 700 1# - ASIENTO SECUNDARIO--NOMBRE DE PERSONAL | |
| Nombre de persona | Engineer, Parika, |
| 700 1# - ASIENTO SECUNDARIO--NOMBRE DE PERSONAL | |
| Término indicativo de función/relación | coaut. |
| 904 ## - ELEMENTOS DE DATOS D LOCAL, LDD (RLIN) | |
| a | AC |
| b | 012680 |
| 905 ## - TIPO DE MATERIAL | |
| Tipo de material | Articulo |
No items available.
